000 01866nam2a2200253 4500
001 RU\NLR\BIBL_A\021978507
005 20250625072744.0
035 _a(NLR Aleph) 021978507
090 _a12390861
_c12390861
100 _a20230711d2020 |||y0rusy50 ca
101 0 _arus
102 _aRU
105 _aa j 000zy
200 1 _aРадиоэлектронные системы и сигналы
210 _d2020
_aБ. м.
215 _a153 с.
_cил.
461 0 _1001RU\NLR\BIBL_A\021978503
_12001#$aAdvanced курс по основам радиоэлектроники для радарян$eучебное пособие$fАнцев Г. В., к. т. н., доцент, лауреат Государственной премии Российской Федерации, Сарычев В. А., д. т. н., профессор$gАкционерное общество "Научно-производственное предприятие "Радар ммс"$vЛекция 1
_1700#1$aАнцев$bГ. В.$f1961-$gГеоргий Владимирович
_912390848
_aАнцев, Г. В. (1961-)
_cСанкт-Петербург
_d2020
_fАнцев Г. В., к. т. н., доцент, лауреат Государственной премии Российской Федерации, Сарычев В. А., д. т. н., профессор
_n[б. и.]
_oучебное пособие
_tAdvanced курс по основам радиоэлектроники для радарян
_vЛекция 1
606 1 _aРадиосигналы
_jУчебные издания
_xТеория
_91502645
_3RU\NLR\AUTH\66953515
606 1 _aРадиотехнические системы
_jУчебные издания
_xТеория
_92043827
_3RU\NLR\AUTH\66942353
686 1 _aЗ841-01я7-2
942 _cBOOK
980 _aNB